005980000a22001570004500090001400000245005700014650003100071650003000102041001300132700002700145100003100172942001300203773003300216999001500249952017600264 aARb0088010aIncreasing turnover through time in tropical forests14aEcología forestal99357814aBosques tropicales9927650 aInglés1 aGentry, Alwyn H.936731 aPhillips, Oliver L.994069 cARTICULO1 tScience3685q954-958d1989? c9968d9968 001040718HEMEROTECAaBogotabBogotad2015-02-27eElfi C., MaríahFuera de circulaciónl0oAR 00880p012706r2015-03-25 00:00:00t1w2015-03-25xDonaciónyARTICULO